| 000 | 00637nam a2200205 4500 | ||
|---|---|---|---|
| 003 | OSt | ||
| 005 | 20240725062612.0 | ||
| 006 | a | ||
| 008 | 240725b |||||||| |||| 00| 0 eng d | ||
| 020 | _a9781424069044 | ||
| 040 |
_aDWCL-Main lib. _cOC |
||
| 082 |
_2Fourth edition _aCirc. 909.82 M286g 2009 |
||
| 100 | _aMansbach, Richard W. | ||
| 245 | _aGlobal politics in a changing world : a reader / | ||
| 260 |
_aBelmont, Calif. : _bWadsworth Cengage Learning, _cc2009. |
||
| 300 |
_axv, _b506 p. ; _c24 cm. |
||
| 504 | _aIncludes bibliographical references. | ||
| 650 | _a1. World politics-1989. | ||
| 942 |
_2ddc _n0 _cBK-CIRC _kCirc. |
||
| 999 |
_c2734 _d2734 |
||